| 000 | 00636nam a2200193Ia 4500 | ||
|---|---|---|---|
| 003 | GCL | ||
| 008 | 140319s9999 xx 000 0 ara d | ||
| 040 |
_aGCL / _cGCL |
||
| 082 | 0 | 4 |
_a213.9 _bهـ ا |
| 100 | 1 | _aهشام جعيط | |
| 245 | 1 | 0 |
_aاوروبا والاسلام : _bصدام الثقافة و الحداثة / _cهشام جعيط |
| 260 |
_aبيروت : _bدار الطليعة ، _c1980 |
||
| 300 |
_a200 ص ؛ _c24 سم |
||
| 490 |
_aسلسلة السياسة والمجتمع _v0 |
||
| 650 | 0 | 4 | _aانتشار الاسلام |
| 650 | 0 | 4 | _aالاسلام فى اوروبا |
| 650 | 0 | 4 | _aاوربا |
| 942 |
_2ddc _cBK |
||
| 999 |
_c54814 _d54814 |
||